000
00210 a2200097 4500
001
47609
100
_a
Miksehe F
245
_a
Is bombing decisive
260
_a
London
_b
George Allen
_c
090
_c
30622
_d
30622
942
_a
NUST-CAE
_c
M
_c
22917
999
_c
282682
_d
282682